书目信息 |
| 题名: |
工业机器人应用案例入门
|
|
| 作者: | 余任冲 编著 | |
| 分册: | ||
| 出版信息: | 北京 电子工业出版社 2015 |
|
| 页数: | 308页 | |
| 开本: | 24cm | |
| 丛书名: | ||
| 单 册: | ||
| 中图分类: | TP242.2 | |
| 科图分类: | ||
| 主题词: | 工业机器人--基本知识 | |
| 电子资源: | ||
| ISBN: | 978-7-121-26615-7 | |
| 000 | 00769nam0 2200217 450 | |
| 001 | 3065 | |
| 005 | 20161207152356.78 | |
| 010 | @a978-7-121-26615-7@dCNY49.00 | |
| 100 | @a20150914d2015 em y0chiy50 ea | |
| 101 | 0 | @achi |
| 102 | @aCN@b110000 | |
| 105 | @aa z 000yy | |
| 200 | 1 | @a工业机器人应用案例入门@9gong ye ji qi ren ying yong an li ru men@f余任冲编著 |
| 210 | @a北京@c电子工业出版社@d2015 | |
| 215 | @a308页@c图@d24cm | |
| 330 | @a本书主要介绍了目前五种机器人(三菱、爱普生、ABB、库卡、FANUC)的使用方法,通过任务式的教学方法,让读者能掌握每种机器人的基本使用方法。 | |
| 606 | 0 | @a工业机器人@x基本知识 |
| 690 | @aTP242.2@v5 | |
| 701 | 0 | @a余任冲@9yu ren chong@4编著 |
| 801 | 0 | @aCN@b大连网信软件有限公司图书馆·11@c20161207 |
| 905 | @aZUCC@dTP242.2@e135 | |
| 工业机器人应用案例入门/余任冲编著.-北京:电子工业出版社,2015 |
| 308页:图;24cm |
| ISBN 978-7-121-26615-7:CNY49.00 |
| 本书主要介绍了目前五种机器人(三菱、爱普生、ABB、库卡、FANUC)的使用方法,通过任务式的教学方法,让读者能掌握每种机器人的基本使用方法。 |
| ● |
| 相关链接 |
|
|
|
|
正题名:工业机器人应用案例入门
索取号:TP242.2/135
 
预约/预借
| 序号 | 登录号 | 条形码 | 馆藏地/架位号 | 状态 | 备注 |
| 1 | 912940 | 209129405 | 第二样本阅览室/ [索取号:TP242.2/135] | 在馆 | |
| 2 | 912941 | 209129414 | 第三借阅区/ [索取号:TP242.2/135] | 在馆 | |
| 3 | 912942 | 209129423 | 第三借阅区/ [索取号:TP242.2/135] | 在馆 |